000 00470nam a2200169 i 4500
001 24922
003 ES-MaACL
005 20230906153148.0
007 t|
008 021219s1967 sp ||||1| spa d
245 0 0 _aAntología de prosistas latinos /
_cEduardo Valenti Fiol.
250 _a10ª ed.
260 _aBarcelona :
_bBosch,
_c1967.
300 _a350 p., 1 lám. ;
_c22 cm.
700 1 _aValentí Fiol, Eduardo.
_9112600
852 _aES-MaACL
_jC-31071
_bR.63620
999 _c24922
_d24922